| 000 | 01286namaa22003011i 4500 | ||
|---|---|---|---|
| 003 | EG-GICUC | ||
| 005 | 20260505143128.0 | ||
| 008 | 260505s1984 le ||||jr|||| 000 0 ara d | ||
| 040 |
_aEG-GiCUC _bara _cEG-GiCUC _dEG-GiCUC _erda |
||
| 082 | 0 | 4 |
_221 _a811.4 _bH4279 |
| 092 | 0 | 4 |
_221 _a811.4 _bH4279 |
| 099 | _a811.4 H4279 | ||
| 100 | 1 |
_aابن حيوس، محمد بن سلطان، _d1003-1081 _eمؤلف. |
|
| 245 | 1 |
_aديوان ابن حيوس / _cالأمير مصطفى الدولة أبى الفتيان محمد بن سلطان المشهور بابن حيوس الغنوى الدمشقى ؛ عنى بنشره وتحقيقه خليل مردم بك |
|
| 264 |
_aبيروت(لبنان) : _bدار صادر، _c1984. |
||
| 300 |
_a؛ (1-689) 2 مجلد _b. _c24 سم |
||
| 336 |
_2rdacontent _atext |
||
| 337 |
_2rdamedia _aUnmediated |
||
| 338 |
_2rdacarrier _avolume |
||
| 504 | _aيشتمل على هوامش | ||
| 541 |
_aد. جابر عصفور ؛ _bالقاهرة ؛ _cإهداء ؛ _d2024. |
||
| 650 | 1 | 7 |
_aالشعر العربى _xتاريخ _yالعصر العباسى _2qrmak |
| 650 | 1 | 7 |
_aالشعر العربى _xدواوين وقصائد _2qrmak |
| 651 | 1 | _2qrmak | |
| 700 | 1 |
_aمردم بك، خليل _eمحقق. |
|
| 905 | _aHuda | ||
| 942 |
_2ddc _cBK _e21 _n0 |
||
| 999 |
_c180003 _d180003 |
||